Сочинения: В 2 т.

Manylion Llyfryddiaeth
Prif Awdur: Галич А. А. Александр Аркадьевич
Iaith:Rwseg
Cyhoeddwyd: Москва, Локид, 1999-
Cyfres:Голоса. Век XX
Fformat: Llyfr
KOHA link:https://koha.lib.tpu.ru/cgi-bin/koha/opac-detail.pl?biblionumber=22249

MARC

LEADER 00000nam1a2200000 4500
001 22249
005 20231101205458.0
035 |a (RuTPU)RU\TPU\book\22461 
035 |a BOOK00000223 
090 |a 22249 
100 |a 20011209d1999 m y0rusy50 ca 
101 0 |a rus 
102 |a RU 
200 1 |a Сочинения  |e В 2 т.  |f А. А. Галич 
210 |a Москва  |c Локид  |d 1999- 
225 1 |a Голоса. Век XX 
700 1 |a Галич  |b А. А.  |c настоящая фамилия Гинзбург  |c русский поэт  |c драматург  |f 1918-1977  |g Александр Аркадьевич  |2 stltpush  |3 (RuTPU)RU\TPU\pers\7762  |9 1519 
801 0 |a RU  |b 63413507  |c 20011209  |g PSBO 
801 2 |a RU  |b 63413507  |c 20080904  |g PSBO 
942 |c BK